00429nam a2200145Ia 4500008004100000020001800041041000800059082001800067100001900085245006500104250000600169260006200175300001500237650003100252210716s2007 xx 000 0 und d a9788184042931 aeng a005.3001 GROC aGrover, Chris. aWord 2007 for starters: the missing manual.bMissing manual. a1 aMumbaibShroff Publishers and Distributors Pvt Ltdc2007 axiv,338,15 aMicrosoft Windows(005.269)